| 000 | 00485nam a2200193Ia 4500 | ||
|---|---|---|---|
| 008 | 170705s9999 xx 000 0 und d | ||
| 020 | _a9780439746380 | ||
| 245 | _aRide the whale : | ||
| 245 | _ba surfer tall tale / | ||
| 245 | _cSunita Apte ; illustrated by Kyle Feed. | ||
| 260 | _aNew York : | ||
| 260 | _bScholastic, | ||
| 260 | _c2006 | ||
| 300 | _a16 pages : | ||
| 300 | _bcolor illustration ; | ||
| 300 | _c23cm. | ||
| 440 | _aScholastic FX books. | ||
| 500 | _a350 | ||
| 999 |
_c335563 _d335563 |
||